000 00226 a2200097 4500
001 9311
100 _aMerriam, A.P.
245 _aDewey decimal classification and relative index.
260 _a
_bL C F
_c
090 _c7481
_d7481
942 _aNUST-CAE
_cM
_c34135
999 _c244384
_d244384